| 000 | 00597nam a22001937a 4500 | ||
|---|---|---|---|
| 003 | OSt | ||
| 005 | 20160126132058.0 | ||
| 008 | 130902t xxu||||| |||| 00| 0 eng d | ||
| 020 | _a0785319638 | ||
| 050 |
_aTX 715.I356 _b.Am512 1996 |
||
| 082 |
_aHS 641.5973 I _bn1 1996 |
||
| 245 |
_a America's favorite brand name recipes /. _cIn the kitchen with |
||
| 260 |
_aIllinois : _bPublications International, Ltd, _c1996. |
||
| 300 |
_a384 p. ; _c28 cm. |
||
| 650 |
_acookery,American. . _916138 |
||
| 650 |
_a Brand name products _xUnited States _916139 |
||
| 942 |
_2lcc _cBK |
||
| 999 |
_c10164 _d10164 |
||